000
00295nam a22001337a 4500
008
171011b xxu||||| |||| 00| 0 eng d
020
_a
9780136538257
041
_a
eng
080
_2
4TH
_a
316
100
_a
50
101
_a
SOC
245
_a
SOCIETY THE BASICS
_c
MACIONIS,J,J
942
_2
udc
_c
BK
999
_c
33177
_d
33177